Sports Quiz

Random Sports or Basketball Quiz

NBA stars by player drafted prior Quiz Stats

 Plays Quiz not verified by Sporcle

Challenge
Share
Tweet
Embed
Score 0/22 Timer 07:00
0 Plays Today
Drafted 1 Spot Earlier Star % Correct
Darko MilicicCarmelo Anthony
97.4%
Greg OdenKevin Durant
95.8%
Sam BowieMichael Jordan
92.1%
Vitaly PotapenkoKobe Bryant
86.8%
Larry HighesDirk Nowitzki
83.1%
Chris WilcoxAmare Stoudemire
82%
Kenny GreenKarl Malone
79.9%
Terence StansburyJohn Stockton
79.9%
Reggie WilliamsScottie Pippen
75.7%
Purvis ShortLarry Bird
74.1%
Mark AguirreIsiah Thomas
70.9%
Drafted 1 Spot Earlier Star % Correct
Adonal FoyleTracy McGrady
70.4%
Sam PerkinsCharles Barkley
69.8%
Ennis WhatleyClyde Drexler
66.7%
Joe KleineChris Mullin
62.4%
Darrell GriffithKevin McHale
61.4%
Rodney WhiteJoe Johnson
52.9%
Chris MorrisMitch Richmond
45%
LaRue MartinBob McAdoo
43.9%
Quinn BucknerRobert Parish
33.3%
Ralph SimpsonJulius Erving
25.9%
Terry CummingsDominique Wilkins
20.1%

You're not logged in!

Compare scores with friends on all Sporcle quizzes.
OR
Log In

You Might Also Like...

Show Comments

Extras

Top Quizzes Today


Score Distribution

Your Account Isn't Verified!

In order to create a playlist on Sporcle, you need to verify the email address you used during registration. Go to your Sporcle Settings to finish the process.

Report this User

Report this user for behavior that violates our Community Guidelines.

Details: